| 000 | 00763cam a2200253 a 4500 | ||
|---|---|---|---|
| 001 | 4450512 | ||
| 005 | 20231120033719.0 | ||
| 008 | 950222s1996 nyu b 001 0 eng | ||
| 020 | _a0415908620 (cloth : acidfree paper) | ||
| 020 | _a0415908639 (pbk. : acidfree paper) | ||
| 040 |
_aDLC _cDLC _dDLC |
||
| 082 | 0 | 0 |
_a305.42/01 _220 _bALL |
| 100 | 1 | _aWeir, Allison. | |
| 245 | 1 | 0 |
_aSacrificial logics : _bfeminist theory and the critique of identity / _cAllison Weir. |
| 260 |
_aNew York : _bRoutledge, _c1996. |
||
| 300 | _axi, 216 p. ; | ||
| 650 | 0 | _aFeminist theory. | |
| 650 | 0 | _aWomen | |
| 650 | 0 | _aWomen | |
| 650 | 0 | _aGender identity. | |
| 650 | 0 | _aGroup identity. | |
| 856 | 4 | 2 | _uhttp://www.loc.gov/catdir/enhancements/fy0651/95008033-d.html |
| 942 | _cL | ||
| 999 |
_c40 _d40 |
||